[Event "FSGM June"]
[Site "Budapest HUN"]
[Date "2009.06.07"]
[Round "2"]
[White "Fogarasi,T"]
[Black "Nguyen Huynh Minh Huy"]
[Result "1/2-1/2"]
[WhiteElo "2426"]
[BlackElo "2484"]

1.e4 c5 2.Nf3 d6 3.d4 cxd4 4.Nxd4 Nf6 5.Nc3 Nc6 6.Bg5 e6 7.Qd2 Be7 8.O-O-O Qb6
9.f3 Qxd4 10.Qxd4 Nxd4 11.Rxd4 a6 12.Bc4 Bd7 13.Rhd1 Bc6 14.Kb1 h6 15.Bh4 O-O
16.Bg3 Ne8 17.Bb3 Bf6 18.R4d3 Be5 19.Bxe5 dxe5 20.Na4 Bxa4 21.Bxa4 Nf6 22.Rd6 Rfc8
23.Rb6 Rc7 24.c3 Kf8  1/2-1/2

[Event "XXXI Nezhmetdinov Mem"]
[Site "Kazan RUS"]
[Date "2009.06.07"]
[Round "8"]
[White "Geller,J"]
[Black "Voitsekhovsky,S"]
[Result "1-0"]
[WhiteElo "2525"]
[BlackElo "2522"]

1.e4 c5 2.Nf3 d6 3.d4 cxd4 4.Nxd4 Nf6 5.Nc3 Nc6 6.Bg5 e6 7.Qd2 a6 8.O-O-O Bd7
9.f4 b5 10.Bxf6 gxf6 11.Kb1 Qb6 12.Nxc6 Bxc6 13.f5 Qc5 14.Bd3 h5 15.Qe1 b4
16.Nd5 Bxd5 17.exd5 e5 18.Qe2 a5 19.Bb5+ Ke7 20.Bc6 Rb8 21.Rd3 Bh6 22.Rh3 Bg5
23.Rxh5 Rxh5 24.Qxh5 Qf2 25.h4 Bf4 26.Qf3 Qxf3 27.gxf3 Rg8 28.Bb5 Rg3 29.h5 Bh6
30.Be2 Kf8 31.a3 bxa3 32.bxa3 Be3 33.Ka2 Kg7 34.Kb3 Bc5 35.Rh4 Kh6 36.Rc4 Kxh5
37.Rxc5 dxc5 38.d6 Rg8 39.Kc4 Kg5 40.Bd3 Rc8 41.Kd5 c4 42.Be4 Kf4 43.d7 Rh8
44.Kd6 Ke3 45.Ke7 Kd2 46.d8=Q+ Rxd8 47.Kxd8 Kc3 48.Ke7 Kb2 49.a4 Ka3 50.Bd5  1-0

[Event "59th ch-RUS w HL"]
[Site "Voronezh RUS"]
[Date "2009.06.08"]
[Round "8"]
[White "Ivakhinova,I"]
[Black "Ubiennykh,E"]
[Result "0-1"]
[WhiteElo "2219"]
[BlackElo "2288"]

1.e4 c5 2.Nf3 Nc6 3.d4 cxd4 4.Nxd4 Nf6 5.Nc3 d6 6.Bg5 e6 7.Qd2 Be7 8.O-O-O O-O
9.f3 Nxd4 10.Qxd4 a6 11.h4 b5 12.Kb1 Bb7 13.g4 Rc8 14.Bd3 Qc7 15.Qe3 b4 16.Ne2 d5
17.Bxf6 dxe4 18.Bxe4 Bxe4 19.Qxe4 Bxf6 20.g5 Be7 21.Nd4 Rfd8 22.f4 Rd5 23.Rd3 Bd6
24.c3 Qb8 25.Ka1 bxc3 26.Rxc3 Rxc3 27.bxc3 Qc7 28.Ne2 Ba3 29.Rb1 g6 30.Qa4 Qc5
31.Qxa6 Rd2 32.Rb3 Rd1+ 33.Rb1 Rd6 34.Qa8+ Kg7 35.Qe4 Rd5 36.Rb3 Qa5 37.Qe3 Rd1+
38.Rb1 Bb2+ 39.Kxb2 Qb5+ 40.Ka3 Qxb1 41.Nd4 Re1 42.Qd2 Re4 43.Nb3 Qg1 44.Qd7 Rxf4
45.Nd4 Qe1 46.Kb3 Rxh4 47.Qe7 Qe5 48.a4 Qd5+ 49.Ka3 Rh2 50.Nb5 Rg2 51.Nd6 Ra2+  0-1

[Event "XXVII Open A"]
[Site "Balatonlelle HUN"]
[Date "2009.06.13"]
[Round "1"]
[White "Toth,Ge2"]
[Black "Pataki,G"]
[Result "0-1"]
[WhiteElo "2067"]
[BlackElo "2313"]

1.e4 c5 2.Nf3 Nc6 3.d4 cxd4 4.Nxd4 Nf6 5.Nc3 d6 6.Bg5 e6 7.Qd2 a6 8.f4 h6
9.Bh4 Nxe4 10.Nxe4 Qxh4+ 11.g3 Qd8 12.O-O-O d5 13.Nxc6 bxc6 14.Qd4 Qa5 15.Qe5 Qb4
16.Nc3 Rb8 17.b3 Qd6 18.Qd4 Rb4 19.Qa7 Qb8 20.Qe3 Be7 21.a3 Rb7 22.Bxa6 Bxa3+
23.Kd2 d4  0-1

[Event "1st SCS GM Open"]
[Site "Bhubaneswar IND"]
[Date "2009.06.13"]
[Round "9"]
[White "Ismagambetov,An"]
[Black "Gupta,Ab"]
[Result "1/2-1/2"]
[WhiteElo "2525"]
[BlackElo "2570"]

1.e4 c5 2.Nf3 d6 3.d4 cxd4 4.Nxd4 Nf6 5.Nc3 Nc6 6.Bg5 e6 7.Qd2 a6 8.O-O-O Bd7
9.f4 b5 10.Bxf6 gxf6 11.Kb1 Qb6 12.Nce2 b4 13.g3 Rc8  1/2-1/2

[Event "Maia Chiburdanidze Cup"]
[Site "Tbilisi GEO"]
[Date "2009.06.13"]
[Round "9"]
[White "Ionica,I"]
[Black "Lomineishvili,M"]
[Result "1/2-1/2"]
[WhiteElo "2266"]
[BlackElo "2447"]

1.e4 c5 2.Nf3 d6 3.d4 cxd4 4.Nxd4 Nf6 5.Nc3 Nc6 6.Bg5 e6 7.Qd2 Qb6 8.Nb3 Be7
9.Be2 a6 10.Be3 Qc7 11.a4 b6 12.f4 Bb7 13.Bf3 Nb4 14.O-O d5 15.e5 Nd7 16.Nd4 Nc6
17.Nxc6 Bxc6 18.Ne2 O-O 19.Nd4 Nc5 20.f5 Bb7 21.Bf4 exf5 22.Nxf5 Ne6 23.Bg3 Bg5
24.Qf2 Rad8 25.Nd6 d4 26.Kh1 Bxf3 27.gxf3 Be3 28.Qe2 Nf4 29.Qc4 Qxc4 30.Nxc4 Nd5
31.c3 b5 32.axb5 axb5 33.Nd6 dxc3 34.bxc3 Nxc3 35.Ra3 Bd4 36.Rb3 Rb8 37.Nf5 Ne2
38.Re1 Nxg3+ 39.hxg3 Ba7 40.Reb1 g6 41.Ne7+ Kg7 42.Nc6 Ra8 43.Nxa7 Rxa7 44.Rxb5 Rc8
45.R5b2 Ra3 46.Kg2 Re3 47.Rb3 Rc2+ 48.Kf1 Rxe5 49.R1b2 Ree2 50.Rxc2 Rxc2
51.Rb6 h5 52.Rb5 Kf6 53.Rb6+ Kg7 54.Rb5 Rd2 55.Ra5 Kf6 56.Ra6+ Ke5 57.Ra5+ Kf6
58.Ra6+ Kg7 59.Ra5 Kh6 60.Ra4 g5 61.Ra6+ Kg7 62.Ra4 Kg6 63.Ra6+ f6 64.Ra4 Kf5
65.Re4 Rh2 66.Kg1 Ra2 67.Rb4 Rd2 68.Re4 Rc2 69.Kf1 Rb2 70.Kg1 Kg6 71.Ra4 Rd2
72.Rb4 Kf7 73.Rb7+ Kg6 74.Rb4 Ra2 75.Rc4 Ra8 76.Kg2 Re8 77.Kf2 Kf5 78.Rc5+ Re5
79.Rc4 Ra5 80.Rb4 Ke5 81.Re4+ Kd5 82.Rb4 f5 83.Kg2 Ra2+ 84.Kg1 Kc5 85.Rb8 Kd4
86.Re8 g4 87.fxg4 hxg4 88.Kf1 Rb2 89.Re7 Kd5 90.Re8 Kd6 91.Kg1 Rb5 92.Kf2 Re5
93.Ra8 Re4 94.Ra5 Ke6 95.Ra6+ Ke5 96.Ra5+ Kf6 97.Ra6+ Kg5 98.Ra5 Rb4 99.Rc5 Rb2+
100.Kg1 Kf6 101.Ra5 Ke6 102.Kf1 Rd2 103.Rb5 Rd5 104.Rb8 Ke5 105.Re8+ Kd4
106.Kf2 Kd3 107.Re7 Kd4 108.Re8 Rd7 109.Re1 Ra7 110.Re8 Ra2+ 111.Kf1 Ra3
112.Kf2 Rf3+ 113.Kg2 Re3 114.Rf8 Ke4 115.Re8+ Kd3 116.Rf8 Re2+ 117.Kf1 Re5
118.Kf2 Ke4 119.Rf7 Re8 120.Kg2 Re6 121.Kf2 Re5 122.Rf8 Ra5 123.Re8+ Kd4
124.Re7 Ra2+ 125.Kf1 Kd5 126.Re8 Rb2 127.Kg1 Rb6 128.Kf2 Re6 129.Ra8 Re4
130.Rf8 Ke5 131.Re8+ Kf6 132.Rf8+ Ke6 133.Ra8 Rb4 134.Ra6+  1/2-1/2

[Event "13th Master Open"]
[Site "Voronezh RUS"]
[Date "2009.06.13"]
[Round "2"]
[White "Gubaydulin,T"]
[Black "Ulko,J"]
[Result "1/2-1/2"]
[WhiteElo "2265"]
[BlackElo "2489"]

1.e4 c5 2.Nf3 d6 3.d4 cxd4 4.Nxd4 Nf6 5.Nc3 Nc6 6.Bg5 e6 7.Qd2 Be7 8.O-O-O Nxd4
9.Qxd4 a6 10.f4 O-O 11.Be2 b5 12.Bf3 Bb7 13.Bxf6 Bxf6 14.Qxd6 Bxc3 15.Qxd8 Bxb2+
16.Kxb2 Rfxd8 17.Rd3 f5 18.exf5 Bxf3 19.Rxf3 exf5 20.Rd3 Re8 21.Rhd1  1/2-1/2

[Event "13th FIDE Open"]
[Site "Voronezh RUS"]
[Date "2009.06.14"]
[Round "3"]
[White "Alimov,R"]
[Black "Chernov,Vl2"]
[Result "1-0"]
[WhiteElo "1752"]
[BlackElo "2088"]

1.e4 c5 2.Nf3 Nc6 3.d4 cxd4 4.Nxd4 Nf6 5.Nc3 d6 6.Bg5 e6 7.Be2 a6 8.O-O Be7
9.Be3 Bd7 10.f4 Qc7 11.Qe1 h5 12.f5 Ne5 13.fxe6 fxe6 14.Qg3 O-O-O 15.a4 h4
16.Qe1 Nfg4 17.Bxg4 Nxg4 18.h3 Nxe3 19.Qxe3 Rdf8 20.b4 Bf6 21.Nde2 Kd8 22.Ra3 g5
23.Rxf6 Rxf6 24.Qxg5 Rf8 25.e5 dxe5 26.Ne4 Bc6 27.Nxf6 Kc8 28.Ng4 Qf7 29.Ra1 Bxg2
30.Qxh4 Bc6 31.b5 Be4 32.Qf2 Qe7 33.Qe3 Qh7 34.Qc5+ Qc7 35.Qxf8+  1-0

[Event "13th Open"]
[Site "Voronezh RUS"]
[Date "2009.06.14"]
[Round "3"]
[White "Kozganbayev,E"]
[Black "Ozolin,M"]
[Result "1-0"]
[WhiteElo "2173"]
[BlackElo "2370"]

1.e4 c5 2.Nf3 d6 3.d4 cxd4 4.Nxd4 Nf6 5.Nc3 Nc6 6.Bg5 e6 7.Qd2 Be7 8.O-O-O a6
9.f3 Nxd4 10.Qxd4 Qc7 11.g4 O-O 12.h4 b5 13.a3 Bb7 14.h5 Rfd8 15.h6 e5 16.Qf2 Ne8
17.Bxe7 Qxe7 18.hxg7 Qg5+ 19.Rd2 Nf6 20.Qh4 Qxh4 21.Rxh4 Kxg7 22.g5 Nd7 23.Rxd6 Nf8
24.Rdh6 Rac8 25.Bh3 Rc6 26.R6h5 Rcd6 27.Bf5 Rd2 28.Rh2 Rxh2 29.Rxh2 Rd6 30.Ne2 f6
31.Rg2 Ng6 32.gxf6+ Rxf6 33.Ng3 Rd6 34.Bxg6 Rxg6 35.Nf5+ Kf6 36.Rh2 Bc8 37.Nd6 Be6
38.Rxh7 Kg5 39.Ra7 Kf4 40.Rxa6 Bd7 41.Kd2 Kxf3 42.Kc3 Bh3 43.Rc6 Bd7 44.Rb6 Kf4
45.Kb4 Rg2 46.c4 Rxb2+ 47.Kc3 Ra2 48.Kb3 Ra1 49.cxb5 Be6+ 50.Ka4 Bg4 51.Rb8 Bd1+
52.Kb4 Rb1+ 53.Kc5 Rc1+ 54.Kb6 Rc3 55.Ra8 Rd3 56.Kc7 Rc3+ 57.Kd8 Rb3 58.a4 Be2
59.Kc7 Rc3+ 60.Kb6 Rd3 61.Rd8 Ra3 62.a5  1-0

[Event "13th Master Open"]
[Site "Voronezh RUS"]
[Date "2009.06.17"]
[Round "6"]
[White "Ivakhinova,I"]
[Black "Ozolin,M"]
[Result "1/2-1/2"]
[WhiteElo "2219"]
[BlackElo "2370"]

1.e4 c5 2.Nf3 d6 3.d4 cxd4 4.Nxd4 Nf6 5.Nc3 Nc6 6.Bg5 e6 7.Qd2 Be7 8.O-O-O a6
9.f3 Nxd4 10.Qxd4 Qc7 11.h4 b5 12.Kb1 Rb8 13.Qd2 b4 14.Ne2 h6 15.Be3 Nd7
16.Nd4 Nc5 17.g4 Na4 18.Nb3 a5 19.Be2 Bd7 20.g5 Bc6 21.gxh6 gxh6 22.Qd4 e5
23.Qd2 Bd7 24.f4 Nc3+ 25.bxc3 bxc3 26.Qd3 a4 27.Qc4 Qxc4 28.Bxc4 Rb4 29.Bd5 axb3
30.cxb3 Bg4 31.Rdf1 Be2 32.a3 Bd3+ 33.Kc1 Rxe4 34.Bxe4 Bxe4 35.Rh2 d5 36.fxe5 Bxa3+
37.Kd1 Rg8 38.Ra2 c2+ 39.Rxc2 Bxc2+ 40.Kxc2 Rg2+ 41.Kd3 Rb2 42.Bxh6 Rxb3+
43.Kd4 Bb2+  1/2-1/2

[Event "13th FIDE Open"]
[Site "Voronezh RUS"]
[Date "2009.06.17"]
[Round "6"]
[White "Kiselev,Al"]
[Black "Chernyshova,N"]
[Result "1/2-1/2"]
[WhiteElo "2121"]
[BlackElo "1955"]

1.e4 c5 2.Nf3 Nc6 3.d4 cxd4 4.Nxd4 Nf6 5.Nc3 d6 6.Bg5 Bd7 7.Bxf6 gxf6 8.Qd2 Rc8
9.O-O-O Nxd4 10.Qxd4 Bh6+ 11.Kb1 Qa5 12.g3 Qc5 13.Qxc5 Rxc5 14.Bd3 a6 15.f4 Bg7
16.Nd5 Be6 17.c4 a5 18.Rhe1 f5 19.Ne3 fxe4 20.Bxe4 Bxc4 21.Bxb7 Kd7 22.Nxc4 Rxc4
23.Re4 Rc5 24.Bd5 e6 25.Bb3 d5 26.Re2 Kd6 27.Rc1 Rhc8 28.Rxc5 Rxc5 29.Bc2 h6
30.Bd3 f6 31.Rc2 e5 32.Bf5 exf4 33.gxf4 d4 34.Be4 h5 35.Rxc5 Kxc5 36.Kc2 Bh6
37.f5 Kd6 38.Kd3 Ke5 39.b3 h4 40.Bg2 Bf8 41.Bh3 Bb4 42.Bg4 Kf4 43.Bh3 Bc3
44.Ke2 Ke4 45.Bg4 d3+ 46.Kd1 Ke3 47.h3 Kf2 48.Bh5 Kg3 49.Bg4 Kf4 50.Kc1  1/2-1/2

[Event "VI Moncada Elite"]
[Site "Santiago de Cuba CUB"]
[Date "2009.06.18"]
[Round "4"]
[White "Martinez,Lel"]
[Black "Real de Azua,E"]
[Result "1-0"]
[WhiteElo "2485"]
[BlackElo "2445"]

1.e4 c5 2.Nf3 d6 3.d4 cxd4 4.Nxd4 Nf6 5.Nc3 Nc6 6.Bg5 e6 7.Bb5 Bd7 8.Bxc6 bxc6
9.Qf3 Qb6 10.O-O-O Be7 11.e5 dxe5 12.Nb3 Rd8 13.Bxf6 gxf6 14.Ne4 f5 15.Nd6+ Bxd6
16.Rxd6 Ke7 17.Rd2 Bc8 18.Qg3 Rxd2 19.Qg5+ Ke8 20.Nxd2 Qxf2 21.Nf3 Qc5 22.Rd1 Qe7
23.Qg7 Rf8 24.Qxe5 f6 25.Qc3 c5 26.Qd3 Kf7 27.g4 Kg7 28.gxf5 e5 29.Nh4 Kh8
30.Qe3 Re8 31.b3 e4 32.Kb1 c4 33.Qh6 Qg7 34.Qh5 Bd7 35.Ng6+ Kg8 36.Nf4 cxb3
37.axb3 e3 38.Ne6 Qe7 39.Rg1+ Kh8 40.Nf4  1-0

[Event "zt 3.4"]
[Site "Tashkent UZB"]
[Date "2009.06.18"]
[Round "3"]
[White "Ismagambetov,An"]
[Black "Kvon,A"]
[Result "1/2-1/2"]
[WhiteElo "2525"]
[BlackElo "2425"]

1.e4 c5 2.Nf3 Nc6 3.d4 cxd4 4.Nxd4 Nf6 5.Nc3 d6 6.Bg5 Qb6 7.Nb3 e6 8.Qd2 Be7
9.f3 O-O 10.O-O-O Rd8 11.Nb5 Rd7 12.h4 d5 13.exd5 Rxd5 14.Qe2 Bd7 15.Be3 Qd8
16.Nc3 Rxd1+ 17.Qxd1 Nb4 18.Bc5  1/2-1/2

[Event "13th Master Open"]
[Site "Voronezh RUS"]
[Date "2009.06.18"]
[Round "7"]
[White "Solodovnichenko,Y"]
[Black "Lutsko,I"]
[Result "1-0"]
[WhiteElo "2564"]
[BlackElo "2371"]

1.e4 c5 2.Nf3 d6 3.d4 cxd4 4.Nxd4 Nf6 5.Nc3 Nc6 6.Bg5 e6 7.Qd2 a6 8.O-O-O Bd7
9.f3 h6 10.Be3 Be7 11.Kb1 Rc8 12.Nxc6 Bxc6 13.Ne2 d5 14.e5 Nd7 15.Bd4 Qc7
16.Nf4 h5 17.Re1 b5 18.Bd3 Nb6 19.h4 Nc4 20.Qf2 Bd7 21.g4 hxg4 22.fxg4 Bc5
23.Nh5 Bxd4 24.Qxd4 Kf8 25.Qf4 Qc5 26.Rhf1 Be8 27.Qg5 Rg8 28.Nf4 Nd2+ 29.Ka1 Nxf1
30.Rxf1 Bd7 31.Bh7  1-0

[Event "VI Moncada Elite"]
[Site "Santiago de Cuba CUB"]
[Date "2009.06.19"]
[Round "5"]
[White "Barrientos,S"]
[Black "Diaz Ordonez,C"]
[Result "1-0"]
[WhiteElo "2456"]
[BlackElo "2347"]

1.e4 c5 2.Nf3 d6 3.d4 cxd4 4.Nxd4 Nf6 5.Nc3 Nc6 6.Bg5 Bd7 7.Nb3 a6 8.Be2 b5
9.O-O b4 10.Bxf6 gxf6 11.Nd5 Bg7 12.a3 f5 13.axb4 fxe4 14.b5 Ne5 15.Rxa6 Rxa6
16.bxa6 e6 17.Nf4 Bh6 18.Nh5 Bc6 19.Nd4 Ba8 20.Nb5 Ke7 21.Qd4 Rg8 22.Rd1 e3
23.Ng3 exf2+ 24.Qxf2 Qa5 25.Nxd6 Rd8 26.Ngf5+  1-0

[Event "Open"]
[Site "Teplice CZE"]
[Date "2009.06.19"]
[Round "7"]
[White "Michielsen,J"]
[Black "Swinkels,R"]
[Result "1/2-1/2"]
[WhiteElo "2352"]
[BlackElo "2499"]

1.e4 c5 2.Nf3 d6 3.d4 cxd4 4.Nxd4 Nf6 5.Nc3 Nc6 6.Bg5 e6 7.Qd2 Qb6 8.Bxf6 gxf6
9.Nb3 Bd7 10.O-O-O O-O-O 11.f4 Kb8 12.Be2 h5 13.Rhf1 Na5 14.Kb1 Nxb3 15.axb3 Qc5
16.Rf3 f5 17.e5 Bc6 18.Na4 Bxa4 19.bxa4 d5 20.h4 Be7 21.g3 Qb4 22.Qxb4 Bxb4
23.Rb3 a5 24.Rf1 Rc8 25.Kc1 Ka7 26.Kd1 b6 27.Bb5 Rc7 28.Be2 Rcc8 29.Bb5 Rc7
30.Be2  1/2-1/2

[Event "2nd Marshall CC Int"]
[Site "New York USA"]
[Date "2009.06.21"]
[Round "5"]
[White "Stripunsky,A"]
[Black "Shankland,S"]
[Result "1/2-1/2"]
[WhiteElo "2556"]
[BlackElo "2446"]

1.e4 c5 2.Ne2 Nc6 3.d4 cxd4 4.Nxd4 Nf6 5.Nc3 d6 6.Bg5 e6 7.Qd2 a6 8.O-O-O Bd7
9.f4 h6 10.Bh4 Nxe4 11.Qe1 Nf6 12.Nf5 Qa5 13.Nxd6+ Bxd6 14.Rxd6 O-O-O 15.Bg3 Ne7
16.Qe5 Qxe5 17.fxe5 Nh5 18.Bf2 Bc6 19.Rg1 Nf4 20.Bb6 Rxd6 21.exd6 Nf5 22.g3 Ng6
23.Bd3 Nxd6 24.Bxg6 fxg6 25.Re1 e5 26.Bc5 Nf7 27.a4 Kd7 28.Kd2 g5 29.Ke3 h5
30.b4 g4 31.b5 Bf3 32.bxa6 bxa6 33.a5 h4 34.Ne4 hxg3 35.hxg3 Rc8 36.Bb6 Bxe4
37.Kxe4 Ke6 38.Kd3 Nd6 39.Bd4 e4+ 40.Kd2 Kd5 41.Bxg7 Rc7 42.Bh6 Nc4+ 43.Ke2 Kd4
44.Rf1 Kc3 45.Rf4 Rh7 46.Rf6 Kxc2 47.Rxa6 Kb3 48.Rg6 Nxa5  1/2-1/2

[Event "zt 3.4 w"]
[Site "Tashkent UZB"]
[Date "2009.06.21"]
[Round "6"]
[White "Davletbayeva,M"]
[Black "Tokhirjanova,H"]
[Result "1/2-1/2"]
[WhiteElo "2133"]
[BlackElo "2137"]

1.e4 c5 2.Nf3 Nc6 3.d4 cxd4 4.Nxd4 Nf6 5.Nc3 d6 6.Bg5 e6 7.Qd2 h6 8.Be3 Ng4
9.O-O-O Nxe3 10.Qxe3 a6 11.f4 Be7 12.Kb1 Qb6 13.Nf5 Qxe3 14.Nxe3 b5 15.g4 Bb7
16.Bg2 O-O-O 17.a4 b4 18.Ne2 a5 19.Ng3 Kc7 20.Rd2 g6 21.Rhd1 Rc8 22.Bf1 h5
23.g5 Rhd8 24.h4 Rb8 25.f5 Ne5 26.f6 Bf8 27.Bg2 Ba6 28.Bf1 Bb7 29.Bg2 Ba6
30.Ne2 Rd7 31.Nd4 Rbd8 32.Bh3 Re8 33.Nb3 Kb6 34.Nd4 Rc7 35.Bf1 Bxf1 36.Rxf1 Nc4
37.Nxc4+ Rxc4 38.b3 Rc5 39.Nf3 Rec8 40.Rc1 Rc3 41.Rd3 R8c5 42.Nd4 d5 43.Ne2 Rxd3
44.cxd3 dxe4 45.dxe4 Rxc1+ 46.Nxc1 Bd6 47.Ne2 Bc5 48.Nf4 Bf2 49.Kc2 Bg3 50.Ng2 Kc5
51.Kd3 Kd6 52.Ke3 Kc5 53.Kd3 Kd6 54.Ke3 Kc5 55.Kd3 Kd6  1/2-1/2

[Event "zt 3.4"]
[Site "Tashkent UZB"]
[Date "2009.06.21"]
[Round "7"]
[White "Dzhumaev,M"]
[Black "Kvon,A"]
[Result "1-0"]
[WhiteElo "2552"]
[BlackElo "2425"]

1.e4 c5 2.Nf3 Nc6 3.d4 cxd4 4.Nxd4 Nf6 5.Nc3 d6 6.Bg5 Qb6 7.Nb3 e6 8.Qd2 a6
9.O-O-O Be7 10.f3 O-O 11.h4 Rd8 12.Qe1 Qc7 13.g4 b5 14.Be3 Nd7 15.g5 b4 16.Ne2 a5
17.Kb1 a4 18.Nbd4 Nde5 19.Nxc6 Nxc6 20.Nc1 Ne5 21.Qf2 Nc4 22.Bxc4 Qxc4 23.Rd4 Qb5
24.Qe2 Qb7 25.Nd3 Bd7 26.Rxb4 Qc6 27.c4 Rdb8 28.Rxb8+ Rxb8 29.Rc1 Bc8 30.Bd2 Bd7
31.Bb4 Bf8 32.a3 Qa6 33.e5 Rc8 34.exd6 Rxc4 35.Rxc4 Qxc4 36.Qe4 Qb3 37.Nc1 Qd1
38.Qb7 Be8 39.Qc8  1-0

[Event "zt 3.4"]
[Site "Tashkent UZB"]
[Date "2009.06.21"]
[Round "7"]
[White "Ismagambetov,An"]
[Black "Pak,Y"]
[Result "1-0"]
[WhiteElo "2525"]
[BlackElo "2328"]

1.e4 c5 2.Nf3 Nc6 3.d4 cxd4 4.Nxd4 Nf6 5.Nc3 d6 6.Bg5 e6 7.Qd2 a6 8.O-O-O Bd7
9.f4 h6 10.Bxf6 Qxf6 11.Nf3 Qd8 12.Kb1 Qc7 13.Bd3 O-O-O 14.Rhe1 Kb8 15.Qf2 g6
16.Bf1 Bg7 17.Na4 Ne7 18.Nb6 Bc6 19.Rd3 Nc8 20.Nxc8 Rxc8 21.Nd4 Ba4 22.Nb3 Rhd8
23.g3 Bb5 24.Rd2 Bxf1 25.Rxf1 Qe7 26.Rfd1 g5 27.c3 Rc4 28.Na5 Rxe4 29.Qb6 Kc8
30.Nc6 bxc6 31.Qxc6+ Kb8 32.Qxe4 d5 33.Rxd5  1-0

[Event "VI Moncada Elite"]
[Site "Santiago de Cuba CUB"]
[Date "2009.06.22"]
[Round "8"]
[White "Bruzon Batista,L"]
[Black "Real de Azua,E"]
[Result "1-0"]
[WhiteElo "2617"]
[BlackElo "2445"]

1.e4 c5 2.Nf3 d6 3.d4 cxd4 4.Nxd4 Nf6 5.Nc3 Nc6 6.Bg5 e6 7.Qd2 a6 8.O-O-O Bd7
9.f3 Be7 10.Be3 b5 11.g4 Nxd4 12.Qxd4 h6 13.Kb1 Qa5 14.Qd2 b4 15.Ne2 e5 16.c4 bxc3
17.Nxc3 Be6 18.h4 Qc7 19.Rg1 Qb7 20.Be2 Rb8 21.g5 Nh5 22.Nd5 Bxd5 23.exd5 g6
24.Rc1 hxg5 25.hxg5 Nf4 26.Bxf4 exf4 27.Qd4 Rh5 28.Rc6 Kf8 29.Bxa6 Qd7 30.a4 Kg8
31.Qxf4 Qa7 32.Rg2 Bf8 33.Ka2 Rb6 34.Qc4 Bg7 35.Bb5 Rb8 36.Rxd6 Qe3 37.Qe4 Qc5
38.Rc6 Qa7 39.d6 Rh1 40.Rc7  1-0

[Event "Municipality Cup"]
[Site "Tbilisi GEO"]
[Date "2009.06.23"]
[Round "9"]
[White "Kobalia,M"]
[Black "Bagaturov,G"]
[Result "1-0"]
[WhiteElo "2645"]
[BlackElo "2467"]

1.e4 c5 2.Nf3 d6 3.d4 cxd4 4.Nxd4 Nf6 5.Nc3 Nc6 6.Bg5 e6 7.Qd2 a6 8.O-O-O Bd7
9.f3 Be7 10.h4 h6 11.Be3 h5 12.Bg5 Ne5 13.Qe1 Qc7 14.f4 Nc6 15.Nf3 Ng4 16.Bxe7 Nxe7
17.Qd2 O-O-O 18.Nh2 Nxh2 19.Rxh2 Bc6 20.Bd3 d5 21.e5 d4 22.Ne2 f6 23.Re1 fxe5
24.fxe5 Rd5 25.Rhh1 Rxe5 26.Nxd4 Bd5 27.Kb1 Rd8 28.Nf3 Bxf3 29.gxf3 Nd5 30.Rxe5 Qxe5
31.Re1 Qg3 32.Rxe6 Qxh4 33.a3 Kb8 34.Qa5 Nc7 35.Re3 Rd5 36.Re8+ Nxe8 37.Qxd5 Qe1+
38.Ka2 Nf6 39.Bg6 Ka7 40.Qc5+ Kb8 41.Qf8+ Ka7 42.Qxg7 Qe6+ 43.b3 h4 44.Qh6 h3
45.f4 Qd6 46.Bf5 Qd4 47.Qxh3 Nd5 48.Qd3 Qxd3 49.cxd3 Nxf4 50.Kb2 Kb6 51.Kc3 Kc5
52.Be4 b6 53.b4+ Kd6 54.Kc4 Ne6 55.Bb7 Nc7 56.a4 b5+ 57.Kb3 Ke5 58.a5 Kd4
59.Kc2 Ke5  1-0

[Event "Petr Izmailov Mem"]
[Site "Tomsk RUS"]
[Date "2009.06.24"]
[Round "1"]
[White "Pushkarev,D"]
[Black "Medvedev,E"]
[Result "1-0"]
[WhiteElo "2424"]
[BlackElo "2057"]

1.e4 c5 2.Nf3 Nc6 3.d4 cxd4 4.Nxd4 Nf6 5.Nc3 d6 6.Bg5 e6 7.Qd2 Be7 8.O-O-O a6
9.Bxf6 gxf6 10.f4 Nxd4 11.Qxd4 b5 12.Be2 Qc7 13.f5 Qc5 14.Qxc5 dxc5 15.fxe6 fxe6
16.Bh5+ Kf8 17.e5 f5 18.g4 Kg7 19.gxf5 exf5 20.Rhg1+ Kh6 21.Bf7 Ra7 22.e6 c4
23.Nd5 Bc5 24.Rg3 Rf8 25.b4 cxb3 26.Rc3 bxa2 27.Kb2 Bd6 28.Kxa2 Kg7 29.Nb6 Rc7
30.Rg1+ Kh8 31.Rxc7 Bxe6+ 32.Bxe6 Bxc7 33.Nd7 Re8 34.Bxf5 Rg8 35.Rxg8+ Kxg8
36.h3 h6 37.Nc5 a5 38.Bd3 b4 39.Kb3  1-0

[Event "Petr Izmailov Mem"]
[Site "Tomsk RUS"]
[Date "2009.06.25"]
[Round "2"]
[White "Aitbayev,A"]
[Black "Shakhmatov,V"]
[Result "1/2-1/2"]
[WhiteElo "2387"]
[BlackElo "2051"]

1.e4 c5 2.Nf3 Nc6 3.d4 cxd4 4.Nxd4 Nf6 5.Nc3 d6 6.Bg5 Bd7 7.Qd2 Rc8 8.O-O-O Nxd4
9.Qxd4 Qa5 10.Bd2 a6 11.f3 g6 12.Kb1 Qc5 13.Qxc5 Rxc5 14.Be3 Rc6 15.Bd4 Bg7
16.Nd5 e5 17.Nxf6+ Bxf6 18.Be3 Ke7 19.c4 Be6 20.b3 Ra8 21.Be2 Ke8 22.h4 Bd8
23.h5 g5 24.h6 f6 25.g3 Bb6 26.Bc1 Ke7 27.f4 gxf4 28.gxf4 Rg8 29.Rh2 Bg1
30.Rh1 Bb6 31.Rdf1 Rcc8 32.f5 Bf7 33.Rh3 Rg2 34.Bf3 Rg1 35.Rxg1 Bxg1 36.Rg3 Rg8
37.Rxg8 Bxg8 38.Bh5 Kf8 39.Kc2 Bf7 40.Bxf7 Kxf7 41.b4 Ke7 42.a4 b6 43.Kd3 Kd7
44.Bd2 Bf2 45.Ke2 Bg1 46.Ke1 Kc7 47.Kf1 Bd4 48.Ke2 Kd7 49.Be1 Bg1  1/2-1/2

[Event "Petr Izmailov Mem"]
[Site "Tomsk RUS"]
[Date "2009.06.26"]
[Round "3"]
[White "Chuprov,D"]
[Black "Iskusnyh,S"]
[Result "1/2-1/2"]
[WhiteElo "2561"]
[BlackElo "2457"]

1.e4 c5 2.Nf3 d6 3.d4 cxd4 4.Nxd4 Nf6 5.Nc3 Nc6 6.Bg5 e6 7.Qd2 Qb6 8.Bxf6 gxf6
9.Nb3 Bd7 10.O-O-O O-O-O 11.f4 Kb8 12.Be2 h5 13.Rhf1 Na5 14.Kb1 Nxb3 15.axb3 Qc5
16.Rf3 f5 17.Rd3  1/2-1/2

[Event "Petr Izmailov Mem"]
[Site "Tomsk RUS"]
[Date "2009.06.27"]
[Round "4"]
[White "Kozganbayev,E"]
[Black "Pakhomov,E"]
[Result "0-1"]
[WhiteElo "2173"]
[BlackElo "2353"]

1.e4 c5 2.Nf3 Nc6 3.d4 cxd4 4.Nxd4 Nf6 5.Nc3 d6 6.Bg5 e6 7.Qd2 Be7 8.O-O-O O-O
9.f3 Nxd4 10.Qxd4 Qa5 11.h4 a6 12.Kb1 b5 13.Bd3 b4 14.Ne2 e5 15.Qf2 Be6 16.Nc1 Rfc8
17.g4 Qc7 18.Bd2 d5 19.g5 Nh5 20.exd5 Bxd5 21.Be3 Qc6 22.Rhf1 Nf4 23.Bxf4 exf4
24.Be4 Bxe4 25.fxe4 Rc7 26.Nd3 Rac8 27.Rd2 Qxe4 28.Re2 Qf5 29.Qxf4 Qxf4 30.Rxf4 a5
31.Rf5 a4 32.Rb5 Bf8 33.b3 Rd7 34.bxa4 Ra8 35.a5 Rd4 36.h5 Rh4 37.g6 hxg6
38.hxg6 fxg6 39.Re6 Rh5 40.Ne5 g5 41.Nc6 Rh1+ 42.Kb2 g4 43.Rg5 Rg1 44.Reg6 Kh7
45.Kb3 Rg3+ 46.Kb2 Ra6 47.Re6 g6 48.Nd4 Rxe6 49.Nxe6 Be7 50.Rd5 Bf6+ 51.Nd4 Re3
52.a6 g3 53.a7 Ra3 54.Rd7+ Kh6 55.c3 g2 56.Ne2 Bxc3+ 57.Kb1 Kg5 58.Rd3 Rxa7
59.Rg3+ Kf5 60.Nxc3 bxc3 61.Rxg2 g5 62.Rg3 Ra3 63.Kc2 Rxa2+ 64.Kb3  0-1

[Event "Petr Izmailov Mem"]
[Site "Tomsk RUS"]
[Date "2009.06.28"]
[Round "5"]
[White "Shomoev,A"]
[Black "Itkin,D"]
[Result "1-0"]
[WhiteElo "2580"]
[BlackElo "2240"]

1.e4 c5 2.Nf3 d6 3.d4 cxd4 4.Nxd4 Nf6 5.Nc3 Nc6 6.Bg5 e6 7.Qd2 Qb6 8.O-O-O Qxd4
9.Qxd4 Nxd4 10.Rxd4 a6 11.f3 Bd7 12.Na4 Bxa4 13.Rxa4 Nd7 14.Be2 Be7 15.Be3 Bf6
16.Rd1 Ke7 17.Rb4 b5 18.a4 bxa4 19.Rxa4 a5 20.c3 Rhc8 21.Kc2 Nc5 22.Ra3 a4
23.Rda1 Rcb8 24.Bc4 h6 25.g3 g5 26.Bf1 Ra7 27.R1a2 Rb3 28.f4 Rxa3 29.Rxa3 Rc7
30.Bg2 gxf4 31.gxf4 Bg7 32.Bf3 Bf6 33.Ra1 Rc8 34.Bf2 Bh8 35.Bh4+ Bf6 36.Bf2 Bh8
37.Ra2 Bg7 38.Bh4+ Bf6 39.Bg3 Bg7 40.Kd2 Rb8 41.Bh4+ Bf6 42.Bf2 Rc8 43.Bxc5 dxc5
44.Rxa4 Kf8 45.Ra7 Rb8 46.e5 Be7 47.Kc2 Rb6 48.Bh5 Rb8 49.b3 Rb6 50.Ra8+ Kg7
51.Ra7 Kf8 52.Be2 Rb8 53.Bc4 Rd8 54.Bd3 Rb8 55.Bf1 Bh4 56.Bc4 Be7 57.Kd3 Rd8+
58.Kc2 h5 59.h3 Rb8 60.Kb1 Rd8 61.Kc2 Rb8 62.Be2 h4 63.Bd3 Rd8 64.Be2 Rb8
65.Bf3 Rd8 66.Be4 Rb8 67.Rd7 Rd8 68.Rb7 Rc8 69.Kd3 Rd8+ 70.Kc2 Rc8 71.Ra7 Rb8
72.f5 exf5 73.Bxf5 Rd8 74.Bd7 Rb8 75.Bg4 Rd8 76.Bf3 Rb8 77.Bd5 Rb6 78.Ra4 Rg6
79.Rf4 Rg5 80.Bxf7 Rxe5 81.Bh5+ Kg7 82.Bg4 Kg6 83.Kd3 Kg5 84.Rf3 Bd6 85.Rf7 Be7
86.Kc4 Bf6 87.Rc7 Kf4 88.Rc6 Be7 89.Rc7 Bf6 90.b4 cxb4 91.cxb4 Re1 92.Kd5 Rb1
93.Rc4+ Kg3 94.Kc6 Rb2 95.b5 Bg5 96.b6 Bf4 97.b7 Rb1 98.Rc3+ Kh2 99.Bf5 Rb4
100.Be6 Bg3 101.Rc2+ Kg1 102.Bc4 Bf4 103.Bb5 Rb3 104.Rc4 Bb8  1-0

[Event "Petr Izmailov Mem"]
[Site "Tomsk RUS"]
[Date "2009.06.30"]
[Round "7"]
[White "Aitbayev,A"]
[Black "Kozganbayev,E"]
[Result "1-0"]
[WhiteElo "2387"]
[BlackElo "2173"]

1.e4 c5 2.Nf3 d6 3.d4 cxd4 4.Nxd4 Nf6 5.Nc3 Nc6 6.Bg5 e6 7.Qd2 a6 8.O-O-O Rg8
9.Bf4 Bd7 10.Nf3 e5 11.Be3 b5 12.Nd5 Nxd5 13.exd5 Ne7 14.h3 Nf5 15.g4 Nxe3
16.Qxe3 Be7 17.Kb1 Bg5 18.Qe1 h5 19.Rg1 hxg4 20.hxg4 Bf4 21.Bd3 Qb6 22.Bf5 g6
23.Bxd7+ Kxd7 24.Nd2 Rac8 25.Ne4 b4 26.g5 Qc7 27.Qe2 Qc4 28.Rd3 Ke7 29.b3 Qb5
30.a4 bxa3 31.Ka2 Rc4 32.c3 Rc7 33.Rg4 Bc1 34.Qf3 Bf4 35.Rxf4 exf4 36.Qxf4 Qxd3
37.Qxd6+  1-0

[Event "ZMD Open"]
[Site "Dresden GER"]
[Date "2009.07.02"]
[Round "9"]
[White "Ohme,M"]
[Black "Boehm,Rob"]
[Result "1-0"]
[WhiteElo "2302"]
[BlackElo "2173"]

1.e4 c5 2.Nf3 d6 3.d4 cxd4 4.Nxd4 Nf6 5.Nc3 Nc6 6.Bg5 e6 7.Qd2 a6 8.O-O-O h6
9.Be3 Bd7 10.f3 b5 11.Nxc6 Bxc6 12.Ne2 Qc7 13.h4 h5 14.Nd4 Bd7 15.Bg5 Be7
16.Bd3 e5 17.Nf5 Bxf5 18.exf5 d5 19.Rhe1 Kf8 20.Kb1 Re8 21.Bf1 Kg8 22.g3 e4
23.Bg2 Kh7 24.Bf4 Qc8 25.fxe4 dxe4 26.Bxe4 Nxe4 27.Rxe4 Qxf5 28.Qe2 Qc5 29.Re5 Qa7
30.Re1 Bf6 31.Qxh5+  1-0